LEADER 01800nam2 2200277 450 001 000009062 005 20090224161353.0 012 $a5.ta a-uc t.i- dias (3) 1768 (R)$2fei$5UNIPARTHENOPE 100 $a20080219d1768----km-y0itay50------ba 101 0 $alat 102 $aRU 200 1 $aVolumen primum in quo methodus integrandi a primis principiis usque ad integrationem aequationum differentialium primi gradus pertractatur. Auctore Leonhardo Eulero ... 210 $d1768 215 $a[4], 542, [2] p.$d4° 307 $aSegnatura: [pigreco]2 A-3Y4 307 $aUltima c. bianca 317 $aSulla controguardia anteriore antiche segnature mss.: 2-E [n.i.]; 236-F [n.i.]; ivi, inoltre, Classe VII N 182 Ingresso N. 1872 del Registro inventario della Regia Marina Biblioteca dipartimentale di Napoli; sul r. della c. di g. ant. ripetut a segnatura del Registo inventario ...; 236-F [n.i.]; ivi, inoltre, possessore: N. Fergola; timbro A della Reale Biblioteca di Marina: front., [pigreco]2r, A1r, 2D2r$5UNIPARTHENOPE 327 1 $aDigitalizzazione della copia, disponibile presso l'Universita di Ghent, a cura di Google: http://books.google.it/books?id=Vg8OAAAAQAAJ&pg=PR10&dq=Institutionum+calculi+integralis&source=gbs_selected_pages&cad=0_2#PPR6,M1 461 0$1001000009061$12001$aInstitutionum calculi integralis volumen primum [-tertium] ... Auctore Leonhardo Eulero ...$vVol. 1 700 1$aEuler,$bLeonhard$08600 702 1$aFergola,$bN.$4390 801 0$aIT$bUNIPARTHENOPE$c20080219$gRICA$2UNIMARC 912 $a000009062 951 $aBORB-E-42/I$b1872 (3)$cFB$d2008 996 $aVolumen primum in quo methodus integrandi a primis principiis usque ad integrationem aequationum differentialium primi gradus pertractatur. Auctore Leonhardo Eulero ..$91205013 997 $aUNIPARTHENOPE LEADER 00936nam0-22003131i-450- 001 990006312000403321 005 19980601 035 $a000631200 035 $aFED01000631200 035 $a(Aleph)000631200FED01 035 $a000631200 100 $a19980601d1966----km-y0itay50------ba 105 $a--------00-yy 200 1 $a<>Flavier$eVespasien-Titus- Domitian...$fGeorg Daltrop, Ulrich Hausmann, Max Wegner. 210 $aBerlin$cVerlag Gebr. Mann$d1966 215 $a132 p.$d24 cm 225 1 $a"Deutsches Archeologisches Institut. Das Romische Herrscherbild / hrsg. von Max Wegner$v 676 $a930 700 1$aDaltrop,$bGeorg$0157324 702 1$aHausmann,$bUlrich 702 1$aWegner,$bMax$f<1902- > 801 0$aIT$bUNINA$gRICA$2UNIMARC 901 $aBK 912 $a990006312000403321 952 $aXXI A 643$b86162$fFGBC 959 $aFGBC 996 $aFlavier$9283239 997 $aUNINA DB $aGIU01